| 000 | 00516nam a22001817a 4500 | ||
|---|---|---|---|
| 999 |
_c40544 _d40544 |
||
| 003 | OSt | ||
| 005 | 20210106125457.0 | ||
| 008 | 191009b ||||| |||| 00| 0 eng d | ||
| 020 | _a9788184234329 | ||
| 040 | _coclc | ||
| 082 |
_a894.8129 _bWEI/P |
||
| 100 |
_aWeisbord, Merrily _97984 |
||
| 245 |
_aPranayathinte Rajakumari / _cMerrily Weisbord |
||
| 260 |
_aThrissur: _bGreen Books, _c2019. |
||
| 300 | _a376p | ||
| 700 | _aSuresh MG | ||
| 942 |
_2ddc _cBK _h894.8129 _iWEI/P _k894.8129 _mWEI/P |
||